<?xml version="1.0" encoding="UTF-8"?><?xml-stylesheet type="text/xsl" href="static/style.xsl"?><OAI-PMH xmlns="http://www.openarchives.org/OAI/2.0/" xmlns:xsi="http://www.w3.org/2001/XMLSchema-instance" xsi:schemaLocation="http://www.openarchives.org/OAI/2.0/ http://www.openarchives.org/OAI/2.0/OAI-PMH.xsd"><responseDate>2026-04-14T18:10:06Z</responseDate><request verb="GetRecord" identifier="oai:uvadoc.uva.es:10324/30864" metadataPrefix="marc">https://uvadoc.uva.es/oai/request</request><GetRecord><record><header><identifier>oai:uvadoc.uva.es:10324/30864</identifier><datestamp>2021-06-29T21:51:03Z</datestamp><setSpec>com_10324_38</setSpec><setSpec>col_10324_852</setSpec></header><metadata><record xmlns="http://www.loc.gov/MARC21/slim" xmlns:doc="http://www.lyncode.com/xoai" xmlns:xsi="http://www.w3.org/2001/XMLSchema-instance" xmlns:dcterms="http://purl.org/dc/terms/" xsi:schemaLocation="http://www.loc.gov/MARC21/slim http://www.loc.gov/standards/marcxml/schema/MARC21slim.xsd">
<leader>00925njm 22002777a 4500</leader>
<datafield tag="042" ind1=" " ind2=" ">
<subfield code="a">dc</subfield>
</datafield>
<datafield tag="720" ind1=" " ind2=" ">
<subfield code="a">Cruz Alzaga, Sandra de la</subfield>
<subfield code="e">author</subfield>
</datafield>
<datafield tag="260" ind1=" " ind2=" ">
<subfield code="c">2018</subfield>
</datafield>
<datafield tag="520" ind1=" " ind2=" ">
<subfield code="a">La extracción a alta presión ha demostrado ser un buen método para extraer compuestos de la piel de la uva. La tasa de extracción depende de la temperatura, obteniendo valores más altos a mayores temperaturas. Los máximos extraidos varían también en función del disolvente empleado. Agua y agua-etanol se usan como disolventes. La concentración de antocianinas monoméricas en el extracto se calcula midiendo la absorbancia de las muestras a distintos valores de pH y longitudes de onda. La temperatura es un factor determinante en la cantidad de antocianinas obtenidas. Se estudia la relación entre la temperatura y la tasa de extracción, la concentración de antocianinas y los índices de degradación.</subfield>
</datafield>
<datafield tag="024" ind2=" " ind1="8">
<subfield code="a">http://uvadoc.uva.es/handle/10324/30864</subfield>
</datafield>
<datafield ind1=" " ind2=" " tag="653">
<subfield code="a">Pigmentos Vegetales</subfield>
</datafield>
<datafield ind1=" " ind2=" " tag="653">
<subfield code="a">Frutas - Aplicaciones Industriales</subfield>
</datafield>
<datafield ind1=" " ind2=" " tag="653">
<subfield code="a">Uva - Aplicaciones Industriales</subfield>
</datafield>
<datafield tag="245" ind1="0" ind2="0">
<subfield code="a">Pressurized liquid extraction of anthocyanins from grape skin</subfield>
</datafield>
</record></metadata></record></GetRecord></OAI-PMH>